00582nam a22001697a 4500008004100000020001500041040001800056041000800074100002100082245005800103260007300161300003800234504005300272650001500325650004400340650002800384130821s1993 xxua gr eng  a0878405356 aCo-BoUCMbspa00aeng1 aPiderit, John J.14aThe ethical foundations of economicscJohn J. Piderit aWashington D.C. (Estados Unidos)bGeorgetown University Presscc1993 axxi, 339 páginasbilustraciones aIncluye referencias bibliográficas e índice.04aEconomía04aEconomíaxAspectos morales y éticos04aEconomíaxFilosofía